Country and Capital Neighbour Connect with Jumps and Disappearing World Map: Furthest from Greenwich Meridian along Parallels - Statistics

General Stats
  • This quiz has been taken 282 times
  • The average score is 227 of 392
Answers on the Map
Answers color-coded by a green-red scale on the quiz's map according to % correct below.
 
Answer Stats
Hint Hint Country/Capital % Correct
21 272 South Tarawa
100%
21 272 Kiribati
97%
804.5 282.8 Funafuti
85%
756.2 263.4 Nauru
85%
804.5 282.8 Tuvalu
85%
756.2 263.4 Yaren
83%
717.7 235.2 Federated States of Micronesia
82%
760.6 232.2 Marshall Islands
82%
717.7 235.2 Palikir
82%
742.1 295 Honiara
81%
760.6 232.2 Majuro
81%
742.1 295 Solomon Islands
81%
802.8 307.7 Apia
79%
638.6 246.1 Bandar Seri Begawan
79%
608 207.9 Bangkok
79%
615 140.9 Beijing
79%
638.6 246.1 Brunei
79%
616 219.1 Cambodia
79%
664.3 290.8 Dili
79%
664.3 290.8 East Timor
79%
782.9 320.1 Fiji
79%
624.3 219.9 Hanoi
79%
635.5 264 Indonesia
79%
635.5 264 Jakarta
79%
610.3 247.2 Kuala Lumpur
79%
610.3 194.9 Laos
79%
610.3 247.2 Malaysia
79%
703.7 282.4 Papua New Guinea
79%
616 219.1 Phnom Penh
79%
703.7 282.4 Port Moresby
79%
802.8 307.7 Samoa
79%
782.9 320.1 Suva
79%
608 207.9 Thailand
79%
755.5 318.6 Vanuatu
79%
610.3 194.9 Vientiane
79%
624.3 219.9 Vietnam
79%
583 181.8 Bangladesh
78%
615 140.9 China
78%
583 181.8 Dhaka
78%
556 185.9 India
78%
597 188.5 Myanmar
78%
597 188.5 Naypyidaw
78%
755.5 318.6 Port Vila
78%
683 342 Australia
77%
584.1 169.4 Bhutan
77%
683 342 Canberra
77%
535.7 164.2 Islamabad
77%
693.3 140 Japan
77%
528 149.2 Kabul
77%
533 100 Kazakhstan
77%
548 122 Kyrgyzstan
77%
657 220.6 Manila
77%
614.2 104.1 Mongolia
77%
577 52 Moscow
77%
556 185.9 New Delhi
77%
680.5 241.3 Ngerulmud
77%
665.7 127 North Korea
77%
798.1 328.7 Nukuʻalofa
77%
680.5 241.3 Palau
77%
657 220.6 Philippines
77%
665.7 127 Pyongyang
77%
577 52 Russia
77%
669 139 Seoul
77%
669 139 South Korea
77%
652.9 182.1 Taipei
77%
652.9 182.1 Taiwan
77%
545.2 133.5 Tajikistan
77%
584.1 169.4 Thimphu
77%
693.3 140 Tokyo
77%
798.1 328.7 Tonga
77%
614.2 104.1 Ulaanbaatar
77%
776.7 391.9 New Zealand
76%
614.2 256.7 Singapore
76%
614.2 256.7 Singapore (cap)
76%
776.7 391.9 Wellington
76%
180.4 215 El Salvador
74%
177.4 210 Guatemala
74%
177.4 210 Guatemala City
74%
184.5 210.7 Honduras
74%
151 182 Mexico
74%
151 182 Mexico City
74%
180.4 215 San Salvador
74%
184.5 210.7 Tegucigalpa
74%
234 373 Argentina
73%
248.9 339.7 Asunción
73%
180.9 203.6 Belize
73%
180.9 203.6 Belmopan
73%
216.3 247.5 Bogotá
73%
236 319 Bolivia
73%
266 294 Brasília
73%
266 294 Brazil
73%
234 373 Buenos Aires
73%
232 235 Caracas
73%
218 384 Chile
73%
216.3 247.5 Colombia
73%
192 228 Costa Rica
73%
206 190.2 Cuba
73%
204 265.5 Ecuador
73%
248 242 Georgetown
73%
248 242 Guyana
73%
206 190.2 Havana
73%
569.8 166.5 Kathmandu
73%
236 319 La Paz
73%
208 292 Lima
73%
188.2 218.1 Managua
73%
254.9 370.2 Montevideo
73%
569.8 166.5 Nepal
73%
188.2 218.1 Nicaragua
73%
198 232.5 Panama
73%
198 232.5 Panama City
73%
248.9 339.7 Paraguay
73%
254.4 248.1 Paramaribo
73%
208 292 Peru
73%
204 265.5 Quito
73%
218 384 Santiago
73%
562 235.3 Sri Jayawardenepura Kotte
73%
562 235.3 Sri Lanka
73%
254.4 248.1 Suriname
73%
254.9 370.2 Uruguay
73%
232 235 Venezuela
73%
239.4 203.4 Basseterre
72%
143 66 Canada
72%
221 197 Dominican Republic
72%
241.6 220.6 Grenada
72%
218 196 Haiti
72%
206 200.2 Jamaica
72%
206 200.2 Kingston
72%
545.9 248.9 Maldives
72%
545.9 248.9 Malé
72%
143 66 Ottawa
72%
218 196 Port-au-Prince
72%
239.4 203.4 Saint Kitts and Nevis
72%
192 228 San José
72%
221 197 Santo Domingo
72%
242.5 226.6 Trinidad and Tobago
72%
153 129 United States
72%
153 129 Washington D.C.
72%
528 149.2 Afghanistan
71%
513 130.6 Ashgabat
71%
209 180.9 Bahamas
71%
548 122 Bishkek
71%
545.2 133.5 Dushanbe
71%
501.3 152.5 Iran
71%
242.7 216.8 Kingstown
71%
209 180.9 Nassau
71%
535.7 164.2 Pakistan
71%
242.5 226.6 Port-of-Spain
71%
241.6 220.6 Saint George's
71%
242.7 216.8 Saint Vincent and the Grenadines
71%
525 122.5 Tashkent
71%
513 130.6 Turkmenistan
71%
525 122.5 Uzbekistan
71%
241.4 204 Antigua and Barbuda
69%
533 100 Astana
69%
502 182.5 Abu Dhabi
68%
246.5 217 Barbados
68%
246.5 217 Bridgetown
68%
243.2 214.6 Castries
68%
495.7 176.2 Doha
68%
242.4 209.5 Dominica
68%
510.1 329.1 Mauritius
68%
488 230 Mogadishu
68%
509.33 187.2 Muscat
68%
509.33 187.2 Oman
68%
510.1 329.1 Port Louis
68%
495.7 176.2 Qatar
68%
482.1 179.9 Riyadh
68%
242.4 209.5 Roseau
68%
241.4 204 Saint John's
68%
243.2 214.6 Saint Lucia
68%
488.3 208.2 Sana'a
68%
482.1 179.9 Saudi Arabia
68%
488 230 Somalia
68%
502 182.5 United Arab Emirates
68%
488.3 208.2 Yemen
68%
470 234.2 Addis Ababa
67%
466.3 209.2 Asmara
67%
447 171.3 Cairo
67%
427.6 239 Central African Republic
67%
422.6 209.4 Chad
67%
433 267.2 Democratic Republic of the Congo
67%
476.4 221.6 Djibouti
67%
476.4 221.6 Djibouti (cap)
67%
459.1 282.5 Dodoma
67%
466.3 209.2 Eritrea
67%
470 234.2 Ethiopia
67%
447 325 Harare
67%
449.6 239.5 Juba
67%
453.1 256.6 Kampala
67%
465.8 259.9 Kenya
67%
448.5 209.5 Khartoum
67%
419.3 172.9 Libya
67%
456 307 Lilongwe
67%
438 310 Lusaka
67%
456 307 Malawi
67%
467 309.5 Maputo
67%
467 309.5 Mozambique
67%
465.8 259.9 Nairobi
67%
505.5 277 Seychelles
67%
449.6 239.5 South Sudan
67%
448.5 209.5 Sudan
67%
459.1 282.5 Tanzania
67%
453.1 256.6 Uganda
67%
505.5 277 Victoria
67%
438 310 Zambia
67%
447 325 Zimbabwe
67%
462.3 158.9 Amman
65%
480.5 125 Armenia
65%
487.6 125 Azerbaijan
65%
478.8 149.9 Baghdad
65%
487.6 125 Baku
65%
427.6 239 Bangui
65%
467 143 Damascus
65%
479 120 Georgia
65%
478.8 149.9 Iraq
65%
459 157 Israel
65%
462.3 158.9 Jordan
65%
487 162.9 Kuwait
65%
487 162.9 Kuwait City
65%
467 143 Syria
65%
479 120 Tbilisi
65%
501.3 152.5 Tehran
65%
460.3 130.6 Turkey
65%
480.5 125 Yerevan
65%
461.7 146.8 Beirut
63%
459 157 Jerusalem
63%
461.7 146.8 Lebanon
63%
486 324.3 Antananarivo
59%
479.4 301.4 Comoros
59%
486 324.3 Madagascar
59%
479.4 301.4 Moroni
59%
494.3 174 Bahrain
58%
494.3 174 Manama
58%
431 365 South Africa
55%
420 301.2 Angola
54%
447.8 272.6 Bujumbura
54%
447.8 272.6 Burundi
54%
447.8 267.7 Kigali
54%
433 267.2 Kinshasa
54%
447.8 267.7 Rwanda
54%
444 360.5 Lesotho
53%
444 360.5 Maseru
53%
451.3 350.1 Mbabane
53%
418 328 Namibia
53%
431 365 Pretoria
53%
451.3 350.1 Swaziland
53%
416.9 260.5 Brazzaville
51%
420 301.2 Luanda
51%
416.9 260.5 Republic of the Congo
51%
435 336.1 Botswana
50%
407 247 Cameroon
50%
455.3 143.7 Cyprus
50%
447 171.3 Egypt
50%
435 336.1 Gaborone
50%
422.6 209.4 N'Djamena
50%
455.3 143.7 Nicosia
50%
419.3 172.9 Tripoli
50%
450.6 96 Ukraine
50%
418 328 Windhoek
50%
460.3 130.6 Ankara
49%
430 129 Athens
47%
436.7 107.1 Bucharest
47%
437.8 117.9 Bulgaria
47%
444.4 102 Chișinău
47%
450.6 96 Kiev
47%
444.4 102 Moldova
47%
436.7 107.1 Romania
46%
437.8 117.9 Sofia
46%
425.5 124 Albania
45%
443.4 81.2 Belarus
45%
427.6 113 Belgrade
45%
421 113 Bosnia and Herzegovina
45%
424.4 103.1 Budapest
45%
418 108 Croatia
45%
430 129 Greece
45%
424.4 103.1 Hungary
45%
427.5 118.5 Kosovo
45%
429.5 121.7 Macedonia
45%
443.4 81.2 Minsk
45%
423.7 117.8 Montenegro
45%
423.7 117.8 Podgorica
45%
427.5 118.5 Pristina
45%
421 113 Sarajevo
45%
427.6 113 Serbia
45%
429.5 121.7 Skopje
45%
423 98 Slovakia
45%
425.5 124 Tirana
45%
423 98 Bratislava
44%
439 64.8 Estonia
44%
438 70.6 Latvia
44%
434.3 76.3 Lithuania
44%
438 70.6 Riga
44%
439 64.8 Tallinn
44%
434.3 76.3 Vilnius
44%
423.6 87.1 Warsaw
44%
326.7 206.9 Cape Verde
41%
326.7 206.9 Praia
41%
344 216 Banjul
40%
347.7 220.3 Bissau
40%
347 212 Dakar
40%
344 216 Gambia
40%
347 212 Senegal
40%
353.3 224.2 Conakry
38%
347.7 220.3 Guinea-Bissau
38%
377 202.2 Bamako
37%
368 235.9 Cote d'Ivoire
37%
354 232.9 Freetown
37%
353.3 224.2 Guinea
37%
359.2 239.6 Liberia
37%
354 195.5 Mauritania
37%
359.2 239.6 Monrovia
37%
354 195.5 Nouakchott
37%
354 232.9 Sierra Leone
37%
361.7 127.6 Lisbon
36%
372 127.5 Madrid
36%
366 153.5 Morocco
36%
361.7 127.6 Portugal
36%
366 153.5 Rabat
36%
416.4 124.2 Rome
36%
372 127.5 Spain
36%
414.2 100.9 Vienna
36%
414.2 100.9 Austria
35%
404 89.9 Berlin
35%
401.5 73.5 Copenhagen
35%
414 93.8 Czech Republic
35%
386 105 France
35%
404 89.9 Germany
35%
416.4 124.2 Italy
35%
413 106.5 Ljubljana
35%
423.6 87.1 Poland
35%
414 93.8 Prague
35%
413 106.5 Slovenia
35%
398.4 103.5 Switzerland
35%
408.5 120.7 Vatican City
35%
408.5 120.7 Vatican City (cap)
35%
418 108 Zagreb
35%
437 52 Finland
33%
437 52 Helsinki
33%
401.7 57 Norway
33%
401.7 57 Oslo
33%
414.3 60.5 Stockholm
33%
414.3 60.5 Sweden
33%
407 247 Yaoundé
33%
404 255.8 Equatorial Guinea
32%
406.5 264 Gabon
32%
406.5 264 Libreville
32%
404 255.8 Malabo
32%
403.3 203.9 Niger
31%
398 230.8 Nigeria
31%
398 230.8 Abuja
29%
385.7 225 Benin
28%
403.3 203.9 Niamey
28%
385.7 225 Porto-Novo
28%
377 202.2 Mali
27%
412.9 141.1 Malta
27%
412.9 141.1 Valletta
27%
378.2 234.5 Accra
26%
377 219 Burkina Faso
26%
378.2 234.5 Ghana
26%
341 43 Iceland
26%
383 232.4 Lomé
26%
377 219 Ouagadougou
26%
341 43 Reykjavík
26%
383 232.4 Togo
26%
368 235.9 Yamoussoukro
24%
408.5 113.9 San Marino
23%
408.5 113.9 San Marino (cap)
23%
401 148 Tunis
22%
401 148 Tunisia
22%
384.2 167.2 Algeria
21%
384.2 167.2 Algiers
21%
398.4 103.5 Bern
21%
402 103.1 Liechtenstein
21%
386 105 Paris
21%
402 103.1 Vaduz
21%
397.2 114.5 Monaco
19%
397.2 114.5 Monaco (cap)
19%
401.5 73.5 Denmark
18%
395.5 260.6 São Tomé
18%
395.5 260.6 São Tomé and Príncipe
18%
391 91 Belgium
15%
391 91 Brussels
15%
363 82.5 Dublin
15%
363 82.5 Ireland
15%
377 86 London
15%
394.3 94.2 Luxembourg
15%
394.3 94.2 Luxembourg (cap)
15%
377 86 United Kingdom
15%
393 86.9 Amsterdam
14%
384 118.7 Andorra
14%
384 118.7 Andorra la Vella
14%
393 86.9 Netherlands
14%
No matching quizzes found
Score Distribution
Percent of People with Each Score
Percentile by Number Answered
Your Score History
You have not taken this quiz